[Event "BEM-ch U14"]
[Site "Tamm"]
[Date "2001.02.10"]
[Round "4"]
[White "Stas, Artur"]
[Black "Tannebaum, Marius"]
[Result "0-1"]
[WhiteElo "897"]
[BlackElo "1013"]
[PlyCount "110"]
[EventDate "2001.??.??"]
[EventType "swiss"]
[EventRounds "5"]
[EventCountry "GER"]
[SourceTitle "EXT 2003"]
[Source "ChessBase"]
[SourceDate "2002.11.25"]
[SourceVersion "1"]
[SourceVersionDate "2002.11.25"]
[SourceQuality "1"]

1. e4 e5 2. Nf3 Nc6 3. Nc3 Bb4 4. Bb5 Nf6 5. d3 h6 6. a3 Bc5 7. 0-0 0-0 8. Bxc6 bxc6 9. Nxe5 Re8 10. Ng4 d6 11. Nxf6+ Qxf6 12. Be3 Bb6 13. Na4 Qg6 14. Qf3 Bd7 15. Nxb6 cxb6 16. c4 Be6 17. b3 Red8 18. Rad1 d5 19. cxd5 cxd5 20. e5 d4 21. Bf4 Bxb3 22. Rd2 Bd5 23. Qg3 Qxg3 24. Bxg3 Rac8 25. f3 Rc3 26. Ra1 a5 27. Bf2 Rb8 28. Bxd4 Rc7 29. e6 Bxe6 30. Be5 Rcc8 31. Bxb8 Rxb8 32. d4 Rd8 33. Rad1 Bb3 34. Rb1 Bc4 35. Rxb6 Re8 36. h3 Re1+ 37. Kh2 Ra1 38. Rc6 Bb3 39. Rd3 a4 40. d5 Rxa3 41. Rcc3 Ra1 42. Rc8+ Kh7 43. d6 Be6 44. Re3 Bxc8 45. Re8 Be6 46. Rxe6 fxe6 47. d7 Rd1 48. g4 Rxd7 49. Kg3 a3 50. h4 a2 51. h5 a1Q 52. f4 Rd3+ 53. Kf2 Qc3 54. g5 Rd2+ 55. Ke1 Qc1# 0-1